Library Banner

The impact of science of society (Record no. 78693)

MARC details
000 -LEADER
fixed length control field 00382nam a22001457a 4500
005 - DATE AND TIME OF LATEST TRANSACTION
control field 20151104110057.0
008 - FIXED-LENGTH DATA ELEMENTS--GENERAL INFORMATION
fixed length control field 151104b xxu||||| |||| 00| 0 eng d
040 ## - CATALOGING SOURCE
Transcribing agency PK-LaUMT
082 ## - DEWEY DECIMAL CLASSIFICATION NUMBER
Classification number KHC 303.483
Item number BER-I
100 ## - MAIN ENTRY--PERSONAL NAME
Personal name Bertrand Russell
245 ## - TITLE STATEMENT
Title The impact of science of society
Statement of responsibility, etc Bertrand Russell
260 ## - PUBLICATION, DISTRIBUTION, ETC. (IMPRINT)
Place of publication, distribution, etc London
Name of publisher, distributor, etc George allen
Date of publication, distribution, etc 1959
300 ## - PHYSICAL DESCRIPTION
Extent 140 p.
942 ## - ADDED ENTRY ELEMENTS (KOHA)
Koha item type Books
Holdings
Withdrawn status Lost status Damaged status Home library Current library Date acquired Full call number Barcode Date last seen Price effective from Koha item type
      UMT Main Campus UMT Main Campus 2015-11-04 KHC 303.483 BER-I 71234 2015-11-04 2015-11-04 Books